000 00203nam a2200085Ia 4500
008 221123s9999 xx 000 0 und d
100 _aBARNES ASV
_9166486
245 0 _aENGLISH READERS FOR SA
942 _cBK
_w561
_xJohn Tresidder
_y561
_zJohn Tresidder
999 _c737745
_d737744